Quantitative analysis of claims

Aplikácia zhlukovej analýzy pri reklamácii výrobkov v jednej strojárskej firme. Využitie tejto metódy by malo prispieť k lepšiemu prehľadu reklamácií od jednotlivých externých dodávateľov.

Gespeichert in:
Bibliographische Detailangaben
1. Verfasser: Hajduová, Zuzana, 1974-
Weitere Verfasser: Andrejkovič, Marek, Andrejovský, Pavol, 1975-, Gajdoš, Jozef, 1962-2025
Format: Buchkapitel
Sprache:Englisch
Schlagworte:
Tags: Tag hinzufügen
Keine Tags, Fügen Sie das erste Tag hinzu!

MARC

LEADER 00000naa a2200000 4500
001 0159450
005 20240502072750.1
041 0 |a eng 
044 |a SK 
245 1 0 |a Quantitative analysis of claims  |c Zuzana Hajduová, Marek Andrejkovič, Pavol Andrejovský, Jozef Gajdoš 
520 |a Aplikácia zhlukovej analýzy pri reklamácii výrobkov v jednej strojárskej firme. Využitie tejto metódy by malo prispieť k lepšiemu prehľadu reklamácií od jednotlivých externých dodávateľov. 
610 2 0 |a reklamácie 
610 2 0 |a firmy 
610 2 0 |a analýza kvantitatívna 
100 1 |a Hajduová, Zuzana, 1974- 
700 1 |a Andrejkovič, Marek 
700 1 |a Andrejovský, Pavol, 1975- 
700 1 |a Gajdoš, Jozef, 1962-2025